| 000 | 005150000a22001810004500 | ||
|---|---|---|---|
| 003 | MACL | ||
| 005 | 20160524160225.0 | ||
| 008 | 160524b xxu||||| |||| 00| 0 eng d | ||
| 040 |
_aMACL _cMACL |
||
| 041 | _aHindi | ||
| 082 | _a891.432 KUM | ||
| 100 |
_aकुॅवर _959171 |
||
| 245 |
_aसरहद _cकुॅवर |
||
| 260 |
_bनरेश प्रकाशन _c2004 _aनई दिल्ली |
||
| 350 | _a150 | ||
| 650 |
_aIndian Literature Drama _959172 |
||
| 942 |
_cHIN _k891.432/KUM/D _2ddc |
||
| 999 |
_c12757 _d12757 |
||